000 00515nam a2200181Ia 4500
001 13243
005 20260306163039.0
008 260306t2017||||xx |||||||||||||| ||spa||
041 _aESP
082 _a001.42
_bG23
100 _aGarcía Córdoba, Fernando,
_eAUT
245 0 _aLa tesis y el trabajo de tesis :
_brecomendaciones metodológicas para la elaboración de los trabajos de tesis
260 _c2017
300 _a79 páginas :
_c23 cm.
650 _aGEN
654 _aCHU
942 _cLIB
_dJUS
_fJUS
_2ddc
_n
999 _c13243
_d13243